[Event "Internet Section 06A g/8'+2\""]
[Site "Dos Hermanas"]
[Date "2004.03.06"]
[Round "3"]
[White "Fox Ramos, Alexander"]
[Black "Boyes, David"]
[Result "0-1"]
[WhiteElo "1550"]
[BlackElo "1923"]
[PlyCount "98"]
[EventDate "2004.03.06"]
[EventType "swiss (blitz)"]
[EventRounds "9"]
[EventCountry "ESP"]
[SourceTitle "CBM 099 Extra"]
[Source "ChessBase"]
[SourceDate "2004.05.04"]
[SourceVersion "1"]
[SourceVersionDate "2004.05.04"]
[SourceQuality "1"]

1. e4 e6 2. d4 d5 3. exd5 exd5 4. Nc3 Nf6 5. Nf3 Bg4 6. Be2 Bd6 7. 0-0 0-0 8. Bg5 c6 9. Re1 Bxf3 10. Bxf3 Nbd7 11. Bg4 Qc7 12. Bxd7 Bxh2+ 13. Kh1 Nxd7 14. g3 Bxg3 15. fxg3 Qxg3 16. Qd2 Rae8 17. Rg1 Qf3+ 18. Qg2 Qh5+ 19. Qh2 Qf3+ 20. Rg2 Re6 21. Bh6 Rxh6 22. Qxh6 Qxg2+ 23. Kxg2 gxh6 24. Re1 Kg7 25. Re7 Rd8 26. Na4 Kf6 27. Re3 b5 28. Nc3 Nb6 29. b3 Rd6 30. a4 bxa4 31. Nxa4 Nxa4 32. bxa4 Re6 33. Rc3 Ke7 34. Kf3 Kd6 35. Rb3 Re4 36. c3 Re7 37. a5 c5 38. dxc5+ Kxc5 39. a6 Re6 40. Rb7 Rxa6 41. Rxf7 Ra3 42. Rxh7 Rxc3+ 43. Kg4 a5 44. Rxh6 a4 45. Rh1 Re3 46. Ra1 Kb4 47. Kf4 Re4+ 48. Kf3 Kb3 49. Kf2 a3 0-1

[Event "Internet Section 06A g/8'+2\""]
[Site "Dos Hermanas"]
[Date "2004.03.06"]
[Round "1"]
[White "Fox Ramos, Alexander"]
[Black "Halmeenmaki, Tuomo"]
[Result "0-1"]
[WhiteElo "1577"]
[BlackElo "2179"]
[PlyCount "74"]
[EventDate "2004.03.06"]
[EventType "swiss (blitz)"]
[EventRounds "9"]
[EventCountry "ESP"]
[SourceTitle "CBM 099 Extra"]
[Source "ChessBase"]
[SourceDate "2004.05.04"]
[SourceVersion "1"]
[SourceVersionDate "2004.05.04"]
[SourceQuality "1"]

1. e4 Nf6 2. Nc3 Nc6 3. d4 d6 4. Nf3 Bg4 5. Be2 e6 6. 0-0 Be7 7. h3 Bh5 8. Bf4 0-0 9. Re1 d5 10. e5 Nd7 11. Qd3 f6 12. a3 fxe5 13. Bxe5 Ncxe5 14. Nxe5 Nxe5 15. dxe5 Bg6 16. Qd4 c5 17. Qd2 Bg5 18. Qd1 Bf4 19. Bg4 Bf5 20. Bf3 Qh4 21. Bg4 Rad8 22. Nb5 h5 23. Bxf5 Rxf5 24. Nd6 Rxe5 25. Nxb7 Rf8 26. Rxe5 Bxe5 27. Qe2 Bd4 28. Qxe6+ Kh8 29. Kh1 Qxf2 30. Qxd5 Qh4 31. Nxc5 Rd8 32. Qf5 Re8 33. Ne6 Bf6 34. Nd4 Re1+ 35. Rxe1 Qxe1+ 36. Kh2 Be5+ 37. g3 Qxg3+ 0-1

[Event "Internet Section 06A g/8'+2\""]
[Site "Dos Hermanas"]
[Date "2004.03.06"]
[Round "8"]
[White "Nilson, Bjorn Lund"]
[Black "Fox Ramos, Alexander"]
[Result "1-0"]
[WhiteElo "1834"]
[BlackElo "1509"]
[PlyCount "59"]
[EventDate "2004.03.06"]
[EventType "swiss (blitz)"]
[EventRounds "9"]
[EventCountry "ESP"]
[SourceTitle "CBM 099 Extra"]
[Source "ChessBase"]
[SourceDate "2004.05.04"]
[SourceVersion "1"]
[SourceVersionDate "2004.05.04"]
[SourceQuality "1"]

1. e4 d5 2. exd5 Qxd5 3. Nc3 Qd8 4. Bc4 g6 5. d3 Bg7 6. Nge2 Nf6 7. Bd2 0-0 8. Ng3 c5 9. h4 Nc6 10. h5 Bg4 11. f3 Nxh5 12. Nxh5 gxh5 13. fxg4 hxg4 14. Qxg4 a6 15. Bh6 Qd4 16. Qxg7+ Qxg7 17. Bxg7 Kxg7 18. 0-0-0 Nd4 19. Bd5 Rab8 20. Bf3 b5 21. Ne2 Rfc8 22. Nxd4 cxd4 23. Rh4 b4 24. Rxd4 b3 25. axb3 Rxb3 26. Bd5 Rb5 27. Bc4 Rbc5 28. Rg4+ Kf8 29. Rf1 f6 30. Rg8# 1-0